Vista normal
Vista MARC
- Wispelaere, Jürgen De
Entrada Nombre de persona
Número de registros utilizados en: 1
001 - NÚMERO DE CONTROL
- campo de control: 285
003 - IDENTIFICADOR DEL NÚMERO DE CONTROL
- campo de control: ES-MaFIAP
005 - FECHA Y HORA DE LA ÚLTIMA TRANSACCIÓN
- campo de control: 20220920175612.0
008 - DATOS DE LONGITUD FIJA
- campo de control de longitud fija: 220920|| aca||aabn | a|a d
040 ## - FUENTE DE LA CATALOGACIÓN
- Centro catalogador/agencia de origen: ES-MaFIAP
- Centro/agencia transcriptor: ES-MaFIAP
100 ## - ENCABEZAMIENTO-NOMBRE DE PERSONA
- Nombre de persona: Wispelaere, Jürgen De
- Fechas asociadas al nombre: 1970-
670 ## - FUENTE DE DATOS ENCONTRADOS
- Cita de la fuente: Work cat.: (ES-MaFIAP)89: 224 Calero Martínez, Jorge, Guía para la evaluación de programas y políticas públicas de discapacidad [Texto impreso] /, 2013





